|
|
|
|
| LEADER |
01247cas a2200193 a 4500 |
| 001 |
AALejournalIMF010657 |
| 008 |
230101c9999 xx r poo 0 0eng d |
| 020 |
|
|
|z 9781455215935
|
| 040 |
|
|
|a BD-DhAAL
|c BD-DhAAL
|
| 110 |
2 |
|
|a International Monetary Fund.
|
| 245 |
1 |
0 |
|a Membership and Nonmembership in the International Monetary Fund.
|
| 264 |
|
1 |
|a Washington, D.C. :
|b International Monetary Fund,
|c 1985.
|
| 300 |
|
|
|a 1 online resource (697 pages)
|
| 500 |
|
|
|a <strong>Off-Campus Access:</strong> No User ID or Password Required
|
| 500 |
|
|
|a <strong>On-Campus Access:</strong> No User ID or Password Required
|
| 506 |
|
|
|a Electronic access restricted to authorized BRAC University faculty, staff and students
|
| 520 |
3 |
|
|a IMF economists work closely with member countries on a variety of issues. Their unique perspective on country experiences and best practices on global macroeconomic issues are often shared in the form of books on diverse topics such as cross-country comparisons, capacity building, macroeconomic policy, financial integration, and globalization.
|
| 538 |
|
|
|a Mode of access: Internet
|
| 856 |
4 |
0 |
|z Full text available on IMF
|u http://elibrary.imf.org/view/books/071/15759-9781455215935-en/15759-9781455215935-en-book.xml
|z IMF e-Library
|